Регионална библиотека "Любен Каравелов" - Русе

БЪЛГАРСКИ ВЕСТИ (Запис номер 291789)

MARC детайли
000 -Лидер
Контролно поле с фиксирана дължина 01374nas a2200301 c 4500
003 - Код на организацията, давaща контролен номер
Контролно поле BLK
005 - Дата и час на последна редакция
Контролно поле 20180422122357.0
008 - Елементи от данни с фиксирана дължина
fixed length control field 180413b bul raner|||| |0| c1bulo|
010 ## - Наследен системен номер
LC control number PRD00002728000
022 ## - Международен стандартен номер на серия ISSN
Международният стандартен номер на серията ISSN C609-1830
040 ## - Източник на каталожния запис
Идентификатор на билиотеката - собственик на записа BLK
041 ## - Код за език
Код за езика на текст/звукозапис или на отделно заглавие Български
Код за езика КДБФ Български
080 ## - УДК
Текстов определител УДК Политика. Вж и 341 ; 342
УДК код - определител по УДК 32
УДК определител
УДК - код + определител 32
080 ## - УДК
Текстов определител УДК Цивилизация. Култура. Прогрес. История на културата вж 930.85
УДК код - определител по УДК 008
УДК определител
УДК - код + определител 008
110 1# - Редна дума - колетивен орган
Редна дума - наименование на организация или юридическо лице Ред. кол.
Авторска отговорност (Описва отношението между автора и произведението) Ред. кол.: Генчо Бошнаков
9 (RLIN) 388261
245 10 - Сведения за заглавието
Заглавие БЪЛГАРСКИ ВЕСТИ
Подзаглавни данни Седмичник за бизнес, политика и култура
Редно поле (дума) Ред. кол. ; Ред. кол.: Генчо Бошнаков
Дата на създаване на произведението Начална год. на издаване: Год. 1, № 1 (1991),
257 ## - Страна на издаване
Страна на създаване/издаване България
260 ## - Област на издателските данни
-- Москва
Име на издателя, разпространителя и проч. Посолство но Републ. България
Година на издаване 1991
Печатница Москва : Типогр. газ. Гудок
300 ## - Физическа характеристика
Размери/Мащаб 40
310 ## - Текуща периодчност на изданието
-- периодичност: 52
Срок за съхранение срок за съхранение: 99
380 ## - Жанр
Жанр Обществени науки
500 ## - Общи забележки
Забележка забележка:Вестникът е продълж. на в. "Български строител" и "Дружба".
852 ## - Местоположение
Форматна сигнатура В 654
856 ## - Електронен адрес и достъп
Електронен формат pdf - файл
Път до файла /url/
856 ## - Електронен адрес и достъп
Електронен формат pdf - файл
Път до файла /url/
942 ## - АРТИКУЛИ
Вид на библиотечния материал Вестници
Скрит в OPAC Не
Периодичен библиозапис Да
944 ## - СЪЗДАВАНЕ И РЕДАКЦИЯ на ЗАПИСА
Създаване/Редакция Създаване
Дата на регистрацията/редакция Мария_Кръстева
Служител, извършил регистрацията/редакцията 15.01.2003
944 ## - СЪЗДАВАНЕ И РЕДАКЦИЯ на ЗАПИСА
Създаване/Редакция Редакция
Дата на регистрацията/редакция
Служител, извършил регистрацията/редакцията 07.10.2013
999 ## - СИСТЕМНИ КОНТРОЛНИ НОМЕРА
Koha biblionumber 291789
Koha biblioitemnumber 291789
Наличности
Код за отписване Код за изгубен артикул Източник на класификационната схема Код за повреда Коз за рестрикции Код за отдаване Артикулен № Име на библиотеката - собственик Име на библиотеката, в която се намира в момента Статус (Текущо местоположение) Дата на вписване в системата Местоположение - отдел Цена в лева Номерация (Хронология) Инвентарен номер Систематично азбучна сигнатура Баркод Номер на екземпляра Цена в евро Служебна бележка Служебен тип на артикула Бележка за публиката
  Не е изгубен Universal Decimal Classification Не е повреден без рестрикции ползва се в читалня 576422 Регионална библиотека "Любен Каравелов" Русе Регионална библиотека "Любен Каравелов" Русе Хранилище 1991-01-01 Хранилище 0.00 Обхват на том: 1-36, 596743 В 654 130000596743 1 0.00 Дост: Dp, Вид: Д, N: стар фонд, Годиш. инв.: 1, Дата инв: 04.06.2014, Бележки инв: Цб2014 Вестници Год. на изд.: 1991, Липси: 8,14
Vip Innovations Ltd, Rousse, Bulgaria 2025